|
|
|
|
| LEADER |
00000nab a2200000 a 4500 |
| 001 |
vtls011117966 |
| 003 |
SK-MaSNL |
| 005 |
20260303145325.0 |
| 008 |
230222|2011 xo |||||||||||||||||slo| |
| 015 |
|
|
|a SNBRB
|
| 035 |
|
|
|a (uuid)c8df4ebd-4e1b-4a23-95d6-70d8174f1129
|
| 035 |
|
|
|a (urnnbn)urn:nbn:sk:snk:ar-a08m7d
|
| 035 |
|
|
|a urn:nbn:sk:snk-ab9oa3
|
| 040 |
|
|
|a SNKBUCL
|b slo
|c SNKBUCL
|e AACR2
|
| 041 |
0 |
|
|a slo
|
| 044 |
|
|
|a xo
|c SK
|
| 100 |
1 |
|
|a Sedničková, Mária
|4 aut
|9 1167778
|
| 245 |
1 |
0 |
|a HYDRODYNAMICKY MAZANÉ KLZNÉ LOŽISKO S MENIACIM SA UHLOM VSTUPU OLEJA
|c Mária Sedničková, Ján Turis
|
| 246 |
3 |
|
|a HYDRODYNAMICALLY LUBRICATED SLIDING BEARING WITH VARIABLE ANGLE OF INLET
|
| 700 |
1 |
|
|a Turis, Ján,
|d 1964-
|4 aut
|9 207351
|
| 773 |
0 |
|
|t Acta Facultatis technicae Zvolen : vedecký časopis Fakulty environmentálnej a výrobnej techniky
|g Roč. 16, č. 2 (2011), s. 183-189
|
| 954 |
|
|
|a odborná, vedecká literatúra pôvodná (slovenská)
|2 lita
|
| 958 |
|
|
|a OND
|
| 958 |
|
|
|a EUIPO
|
| 958 |
|
|
|a article13
|
| 999 |
|
|
|c 2002196
|d 2004126
|